000 00231 a2200097 4500
001 59519
100 _a
245 _aSwitched capacitor circuits
260 _aNew York
_bVan Nostrand Reinhold
_c1984
090 _c36418
_d36418
942 _aNUST-CAE
_cMONOGRAPH
_c29356
999 _c294592
_d294592